| 000 | 00509nam a2200133Ia 4500 | ||
|---|---|---|---|
| 008 | 200902s9999 xx 000 0 und d | ||
| 020 | _a978-621-406-241-6 | ||
| 100 | _aSan Luis, Rosemarie R. | ||
| 245 |
_cRosemarie R. San Luis, Estrellita S. Glodo, Jollie Joey B. Flora.-- _aWorktext in basic and advanced keyboarding and documents processing / |
||
| 260 |
_aManila : _bMindshapers Co., Inc. _c2019 |
||
| 300 |
_ax , 142 pages : _billustrations ; _c25 cm. |
||
| 650 | _aKeyboarding | ||
| 650 | _aWord processing | ||
| 999 |
_c363992 _d363992 |
||